000 00446nam a2200145Ia 4500
008 230917s9999||||xx |||||||||||||| ||und||
040 _e5745
_aMAIN
041 _aEnglish
082 _a547.05 W657C
100 _aWilkinson, Geoffrey, ed
245 0 _aComprehensive organimetallic chemistry: the synthesis, reaction and structures of organometallic compounds
260 _aOxford
_bPergamon Press
_c1982
300 _axii, 1384 p.
942 _cBK
999 _c230733
_d230733